[Event "SUI-ch Seniors"]
[Site "Flims"]
[Date "2012.07.??"]
[Round "1"]
[White "Reiss, Siegfried"]
[Black "Zesiger, Horst"]
[Result "0-1"]
[WhiteElo "2099"]
[BlackElo "2107"]
[PlyCount "98"]
[EventDate "2012.07.??"]
[EventType "tourn"]
[EventRounds "7"]
[EventCountry "SUI"]
[SourceTitle "EXT 2013"]
[Source "ChessBase"]
[SourceDate "2012.11.22"]
[SourceVersion "1"]
[SourceVersionDate "2012.11.22"]
[SourceQuality "1"]

1. d4 d5 2. e4 dxe4 3. Nc3 Nf6 4. f3 Bf5 5. fxe4 Nxe4 6. Qf3 Nxc3 7. bxc3 Qc8 8. Bc4 e6 9. Nh3 Be7 10. 0-0 0-0 11. Bd3 c6 12. Bxf5 exf5 13. Qxf5 Qxf5 14. Rxf5 Nd7 15. Bg5 Bxg5 16. Nxg5 Rfe8 17. Kf2 f6 18. Nf3 b6 19. Re1 g6 20. Rf4 f5 21. c4 Rxe1 22. Kxe1 h6 23. h4 Kg7 24. Kd1 Re8 25. g4 fxg4 26. Rxg4 Re3 27. Rf4 Ra3 28. Kd2 Rxa2 29. Re4 Kf7 30. Rf4+ Ke6 31. Re4+ Kf5 32. Re7 Nf6 33. Ne5 c5 34. d5 Ne4+ 35. Ke3 Rxc2 36. Nd3 Nd6 37. Kf3 Rc3 38. Re5+ Kf6 39. Re6+ Kf7 40. Ke2 Nxc4 41. Rc6 Rc2+ 42. Kf3 Rd2 43. Ke4 Re2+ 44. Kf4 g5+ 45. hxg5 hxg5+ 46. Kxg5 Ke7 47. Rc7+ Kd6 48. Rxa7 Rg2+ 49. Kf5 Ne3+ 0-1

[Event "Liechtenstein op Seniors 11th"]
[Site "Triesen"]
[Date "2011.06.03"]
[Round "8"]
[White "Reiss, Siegfried"]
[Black "Karl, Hans"]
[Result "1-0"]
[WhiteElo "2087"]
[BlackElo "2194"]
[PlyCount "43"]
[EventDate "2011.05.27"]
[EventType "swiss"]
[EventRounds "9"]
[EventCountry "LIE"]
[SourceTitle "EXT 2012"]
[Source "ChessBase"]
[SourceDate "2011.11.24"]
[SourceVersion "1"]
[SourceVersionDate "2011.11.24"]
[SourceQuality "1"]

1. d4 d5 2. e4 dxe4 3. Nc3 Nf6 4. f3 exf3 5. Nxf3 g6 6. Bc4 Bg7 7. 0-0 0-0 8. Qe1 Bf5 9. Qh4 Nc6 10. Bh6 Bxh6 11. Qxh6 Ng4 12. Qd2 Kg7 13. h3 Nf6 14. g4 Be6 15. Bxe6 fxe6 16. Rad1 Qd6 17. Kg2 Nd5 18. Ne4 Qf4 19. Qxf4 Rxf4 20. Rde1 Raf8 21. c4 Nxd4 22. Nxd4 1-0

[Event "Liechtenstein op Seniors 11th"]
[Site "Triesen"]
[Date "2011.06.02"]
[Round "7"]
[White "Peier, Hans"]
[Black "Reiss, Siegfried"]
[Result "0-1"]
[WhiteElo "1996"]
[BlackElo "2087"]
[PlyCount "82"]
[EventDate "2011.05.27"]
[EventType "swiss"]
[EventRounds "9"]
[EventCountry "LIE"]
[SourceTitle "EXT 2012"]
[Source "ChessBase"]
[SourceDate "2011.11.24"]
[SourceVersion "1"]
[SourceVersionDate "2011.11.24"]
[SourceQuality "1"]

1. b3 e5 2. Bb2 Nc6 3. e3 d5 4. Bb5 Bd6 5. Ne2 Nf6 6. d3 0-0 7. Bxc6 bxc6 8. Nd2 Re8 9. Ng3 e4 10. Bxf6 Qxf6 11. dxe4 Bxg3 12. hxg3 dxe4 13. 0-0 Ba6 14. c4 c5 15. Qc2 Bb7 16. Rad1 Re5 17. Rfe1 Rae8 18. Nf1 Rh5 19. g4 Rh4 20. Rd7 Bc8 21. Red1 Bxd7 22. Rxd7 Rxg4 23. Qd1 Qg5 24. Ng3 h5 25. Rd5 Re5 26. Rxe5 Qxe5 27. Nf1 Qg5 28. g3 Qe7 29. Qd5 h4 30. Qa8+ Kh7 31. Qc8 Rg6 32. Qf5 hxg3 33. fxg3 Kg8 34. Qc8+ Kh7 35. Qf5 Qe6 36. Qxc5 Qg4 37. Qxc7 Rf6 38. Nh2 Qd1+ 39. Kg2 Qe2+ 40. Kg1 Rf2 41. g4 Qe1+ 0-1

[Event "Liechtenstein op Seniors 11th"]
[Site "Triesen"]
[Date "2011.06.01"]
[Round "6"]
[White "Reiss, Siegfried"]
[Black "Guller, Andras"]
[Result "1/2-1/2"]
[WhiteElo "2087"]
[BlackElo "2083"]
[PlyCount "29"]
[EventDate "2011.05.27"]
[EventType "swiss"]
[EventRounds "9"]
[EventCountry "LIE"]
[SourceTitle "EXT 2012"]
[Source "ChessBase"]
[SourceDate "2011.11.24"]
[SourceVersion "1"]
[SourceVersionDate "2011.11.24"]
[SourceQuality "1"]

1. d4 d5 2. e4 e6 3. Nc3 Nf6 4. Bg5 Bb4 5. e5 h6 6. Bd2 Bxc3 7. bxc3 Ne4 8. Bc1 c5 9. Ne2 Qa5 10. f3 Ng5 11. Bd2 c4 12. h4 Nh7 13. Nf4 Bd7 14. Nh5 Rg8 15. g4 1/2-1/2

[Event "Liechtenstein op Seniors 11th"]
[Site "Triesen"]
[Date "2011.05.27"]
[Round "1"]
[White "Stoffregen, Guenter"]
[Black "Reiss, Siegfried"]
[Result "0-1"]
[WhiteElo "1872"]
[BlackElo "2087"]
[PlyCount "90"]
[EventDate "2011.05.27"]
[EventType "swiss"]
[EventRounds "9"]
[EventCountry "LIE"]
[SourceTitle "EXT 2012"]
[Source "ChessBase"]
[SourceDate "2011.11.24"]
[SourceVersion "1"]
[SourceVersionDate "2011.11.24"]
[SourceQuality "1"]

1. e4 d5 2. exd5 Nf6 3. Nc3 Nxd5 4. Bc4 Nb6 5. Bb3 Nc6 6. Nf3 Bf5 7. 0-0 e6 8. d4 Be7 9. Bf4 0-0 10. Qd2 Na5 11. Nb5 Nxb3 12. axb3 Nd5 13. Bg3 a6 14. Na3 c5 15. c3 cxd4 16. Nxd4 Bg6 17. Nc4 Nf6 18. Rad1 Ne4 19. Qe3 Nxg3 20. hxg3 Qc7 21. Ne5 Rfd8 22. Rfe1 Bf6 23. Nxg6 hxg6 24. Rd2 Qb6 25. Red1 Rd5 26. Nc2 Qxb3 27. Rxd5 exd5 28. Qc1 Rc8 29. Nd4 Qb6 30. Nf3 d4 31. c4 Qb4 32. Nd2 b5 33. b3 Bg5 34. Qc2 Bxd2 35. Rxd2 bxc4 36. Rxd4 Qxb3 37. Qd2 c3 38. Rd8+ Kh7 39. Qd7 Rxd8 40. Qxd8 Qc4 41. f4 Qc5+ 42. Kf1 c2 43. g4 c1Q+ 44. Ke2 Q5c2+ 45. Kf3 Q1d1+ 0-1